| 000 | 00702nam a2200181Ii 4500 | ||
|---|---|---|---|
| 003 | JO-AjNU | ||
| 008 | 230605s9999||||xx |||||||||||||| ||und|| | ||
| 040 |
_aJO-AjNU _bara _erda _cJO-AjNU |
||
| 041 | _aara | ||
| 050 | 1 | 4 | _aKRM3570.1987 |
| 100 | 3 |
_aسرور، محمد شكرى, _eauthor _936746 |
|
| 245 | 0 | 0 | _aمحاولة لتأصيل أحكام الكفالة العينية في القانون المدني المصرى والقانون المدني الفرنسى " دراسة مقارنة " |
| 264 | 3 | 1 | _aالقاهرة : دار الفكر العربى ، 1987 |
| 300 | _a109ص | ||
| 336 |
_atext _btxt _2rdacontent |
||
| 337 |
_aunmediated _bn _2rdamedia |
||
| 338 |
_avolume _bnc _2rdacarrier |
||
| 999 |
_aA15294 _c18862 _d18862 |
||